My Anime List - Statistiques

Statistiques générales
  • Ce quiz a été pris 46 fois
  • Le résultat moyen est 34 sur 100
Statistiques - réponses
Classement Note (/10) Réponse % Correct
51 8.73 One Piece
98%
7 9.04 One Piece Fan Letter
98%
12 9.00 Bleach: Sennen Kessen-hen
75%
63 8.70 Bleach: Sennen Kessen-hen - Ketsubetsu-tan
75%
70 8.67 Bleach: Sennen Kessen-hen - Shoukoku-tan
75%
54 8.72 Kimetsu no Yaiba: Yuukaku-hen
73%
31 8.82 Shingeki no Kyojin Movie: Kanketsu-hen - The Last Attack
73%
82 8.63 Shingeki no Kyojin Season 3
73%
4 9.05 Shingeki no Kyojin Season 3 Part 2
73%
35 8.78 Shingeki no Kyojin: The Final Season
73%
26 8.86 Shingeki no Kyojin: The Final Season - Kanketsu-hen
73%
41 8.76 Shingeki no Kyojin: The Final Season Part 2
73%
43 8.75 Jujutsu Kaisen 2nd Season
68%
89 8.62 Death Note
65%
58 8.71 Chi. Chikyuu no Undou ni Tsuite
60%
38 8.77 Haikyuu!! Karasuno Koukou vs. Shiratorizawa Gakuen Koukou
60%
92 8.61 Haikyuu!! Movie: Gomisuteba no Kessen
60%
90 8.62 Haikyuu!! Second Season
60%
8 9.03 Hunter x Hunter (2011)
60%
2 9.10 Fullmetal Alchemist: Brotherhood
58%
44 8.75 Ore dake Level Up na Ken Season 2: Arise from the Shadow
55%
97 8.60 Kenpuu Denki Berserk
50%
1 9.30 Sousou no Frieren
50%
22 8.89 Monster
48%
49 8.74 Kaguya-sama wa Kokurasetai: First Kiss wa Owaranai
45%
86 8.62 Kaguya-sama wa Kokurasetai? Tensai-tachi no Renai Zunousen
45%
14 8.98 Kaguya-sama wa Kokurasetai: Ultra Romantic
45%
29 8.83 Kimi no Na wa.
45%
40 8.77 Vinland Saga
45%
32 8.81 Vinland Saga Season 2
45%
5 9.05 Gintama°
43%
9 9.02 Gintama'
43%
13 8.98 Gintama.
43%
17 8.93 Gintama
43%
10 9.02 Gintama': Enchousen
43%
21 8.90 Gintama Movie 2: Kanketsu-hen - Yorozuya yo Eien Nare
43%
33 8.81 Gintama. Shirogane no Tamashii-hen
43%
23 8.88 Gintama. Shirogane no Tamashii-hen - Kouhan-sen
43%
6 9.04 Gintama: The Final
43%
3 9.07 Steins;Gate
43%
64 8.70 Code Geass: Hangyaku no Lelouch
38%
20 8.91 Code Geass: Hangyaku no Lelouch R2
38%
80 8.64 Shigatsu wa Kimi no Uso
35%
16 8.93 Clannad: After Story
33%
78 8.65 Fate/stay night Movie: Heaven's Feel - III. Spring Song
33%
34 8.78 Hajime no Ippo
33%
37 8.78 Mob Psycho 100 II
33%
60 8.71 Mob Psycho 100 III
33%
73 8.66 Mononoke Hime
33%
68 8.68 Violet Evergarden
33%
27 8.85 Violet Evergarden Movie
33%
15 8.95 Fruits Basket: The Final
30%
93 8.61 Hajime no Ippo: Rising
30%
18 8.93 Koe no Katachi
30%
36 8.78 Kizumonogatari III: Reiketsu-hen
28%
24 8.87 Kusuriya no Hitorigoto
28%
28 8.85 Kusuriya no Hitorigoto 2nd Season
28%
69 8.67 Monogatari Series: Off & Monster Season
28%
42 8.76 Monogatari Series: Second Season
28%
25 8.86 Owarimonogatari 2nd Season
28%
71 8.67 Hajime no Ippo: New Challenger
25%
72 8.67 Howl no Ugoku Shiro
25%
52 8.73 The First Slam Dunk
25%
30 8.83 Kingdom 3rd Season
23%
50 8.73 Kingdom 4th Season
23%
55 8.72 Kingdom 5th Season
23%
84 8.63 Mushoku Tensei: Isekai Ittara Honki Dasu Part 2
23%
39 8.77 Sen to Chihiro no Kamikakushi
23%
91 8.61 Cyberpunk: Edgerunners
20%
83 8.63 Made in Abyss
20%
94 8.61 Made in Abyss Movie 3: Fukaki Tamashii no Reimei
20%
95 8.61 Made in Abyss: Retsujitsu no Ougonkyou
20%
45 8.75 Bocchi the Rock!
18%
67 8.68 Great Teacher Onizuka
18%
57 8.72 86 Part 2
13%
88 8.62 Bungou Stray Dogs 5th Season
13%
81 8.64 Tengen Toppa Gurren Lagann
13%
98 8.60 Dungeon Meshi
10%
75 8.65 Mushishi
10%
65 8.69 Mushishi Zoku Shou
10%
56 8.72 Mushishi Zoku Shou 2nd Season
10%
48 8.74 Ashita no Joe 2
8%
47 8.75 Cowboy Bepop
8%
11 9.01 Ginga Eiyuu Densetsu
8%
74 8.65 Look Back
8%
87 8.62 Ping Pong the Animation
8%
53 8.72 Shiguang Dailiren
8%
76 8.65 Shiguang Dailiren II
8%
19 8.91 3-gatsu no Lion 2nd Season
5%
46 8.75 Boku no Kokoro no Yabai Yatsu 2nd Season
3%
66 8.68 Mo Dao Zu Shi: Wanjie Pian
3%
61 8.70 Rurouni Kenshin: Meiji Kenkaku Romantan - Tsuioku-hen
3%
99 8.59 Seishun Buta Yarou wa Yumemiru Shoujo no Yume wo Minai
3%
77 8.65 Tian Guan Cifu Er
3%
59 8.71 Hibike! Euphonium 3
0%
96 8.61 Natsume Yuujinchou Roku
0%
85 8.63 Natsume Yuujinchou Shi
0%
79 8.64 Odd Taxi
0%
62 8.70 Shouwa Genroku Rakugo Shinjuu: Sukeroku Futatabai-hen
0%
100 8.59 Surumiya Haruhi no Shoushitsu
0%
Aucun quiz correspondant
Distribution des résultats
% des personnes avec chaque résultat
Percentile par nombre de réponses
Votre historique - résultats
Vous n’avez pas pris ce quiz